LEADER 00940nam0-22003371i-450- 001 990001302500403321 005 20090317122808.0 035 $a000130250 035 $aFED01000130250 035 $a(Aleph)000130250FED01 035 $a000130250 100 $a20001205d1968----km-y0itay50------ba 101 1 $afre$ceng 200 1 $a<>technique du calculateur analogique$fC. A. Stewart, R. Atkinson 210 $aParis$cMasson$d1968 215 $a116 p.$cill.$d18 cm 610 0 $aComputer science 610 0 $aElaboratori analogici 676 $a004.9 700 1$aStewart,$bCharles Arthur$059112 701 1$aAtkinson,$bRonald$059113 801 0$aIT$bUNINA$gRICA$2UNIMARC 901 $aBK 912 $a990001302500403321 952 $a8-H-7$b8447$fMA1 952 $a10 P.T. 45$b5735$fDINEL 959 $aMA1 959 $aDINEL 962 $a68-XX 996 $aTechnique du calculateur analogique$9383376 997 $aUNINA LEADER 01806nam0 2200349 450 001 000034956 005 20180705125551.0 100 $a20130614d1969----km-y0itaa50------ba 101 0 $aita 102 $aIT 200 1 $aSommario di agronomia pedologica$eil sistema culturale Del Pelo Pardi$esistemazione e stabilizzazione del terreno$elezioni svolte nei Corsi di specializzazione per tecnici dal 1935 al 1969$fTommaso Del Pelo Pardi 210 $aRoma$cLerici$d1969 215 $a229 p.$cill.$d24 cm. 300 $aIn calce al frontespizio: Dalle dispense Latifondo Siciliano, 1940 [e] Organizzazione FOA (Marshall), 1952 e dal testo in lingua spagnola, in collaborazione con Jerman Planas Masot 316 $aNella pagina precedente il frontespizio dell'esemplare FVig/T40873: Gioacchino Viggiani 30 agosto 1969 512 1 $aAgronomia pedologica$ela sistemazione del terreno 606 1 $aAgronomia 606 2 $aPedologia 676 $a631.4$v(22. ed.)$9Pedologia 700 1$aDel Pelo Pardi,$bTommaso$0446493 801 0$aIT$bUniversità della Basilicata - B.I.A.$gREICAT$2unimarc 912 $a000034956 996 $aSommario di agronomia pedologica$996986 997 $aUNIBAS CAT $aSTD090$b01$c20130614$lBAS01$h1028 CAT $aTTM$b30$c20130806$lBAS01$h1423 CAT $aTTM$b30$c20131122$lBAS01$h1058 CAT $aTTM$b30$c20131122$lBAS01$h1109 CAT $aATR$b20$c20180705$lBAS01$h1255 FMT Z30 -1$lBAS01$LBAS01$mBOOK$1BASA2$APolo Tecnico-Scientifico$2FVIG$BFondo Viggiani$3FVig/40525$640525$5T40525$7Collocato presso la Scuola di Agraria$820130614$f35$FStanza riservata Z30 -1$lBAS01$LBAS01$mBOOK$1BASA2$APolo Tecnico-Scientifico$2FVIG$BFondo Viggiani$3FVig/40873$640873$5T40873$7Collocato presso la Scuola di Agraria$820131118$f35$FStanza riservata